000 01862nam a22004457a 4500
003 CHAP
005 20220329133016.0
008 971013s1990 r 00010 d
010 _a1240
011 _a2212
035 _a1403
040 _cCHAP
082 _a581.5
_bG73
100 0 0 _aGranados Sánchez, Diódoro.
_950356
245 _aComunidades vegetales
260 _aChapingo, Méx. :
_bUACH. Dirección de Difusión Cultural,
_c1990
300 _a235 p.
_b: ilus
490 _aCuadernos universitarios
_v; serie de agronomía; 19
500 _a40-241
590 _aBATCH-UPD
_b10
_c20130110
_lUCH01
_h1047
590 _aBATCH-UPD
_b10
_c20130410
_lUCH01
_h0645
590 _aBATCH-UPD
_b10
_c20130914
_lUCH01
_h1110
590 _aCONVERSION
_b10
_c20130109
_lUCH01
_h1302
650 1 4 _aEcología vegetal.
_935188
700 0 _aTapia Vargas, Rocío.
_9111663
830 0 _aCuadernos universitarios
_v; serie de agronomía; 19
_929883
901 _aBK
942 _cLIBRO
949 _a581.5 G73
_bBC
_cLIBRO
_d33724000542981
_eLIBRO
_h78795
_i1403
_si
949 _a581.5 G73
_bBC
_cLIBRO
_d33724000542999
_eLIBRO
_fc.3
_h78797
_i1403
_si
949 _a581.5 G73
_bBC
_cLIBRO
_d33724000543005
_eLIBRO
_fc.4
_h78798
_i1403
_si
949 _a581.5 G73
_bBC
_cLIBRO
_d33724000543039
_eLIBRO
_fc.9
_h78803
_i1403
_si
949 _a581.5 G73
_bBC
_cLIBRO
_d33724000543047
_eLIBRO
_fc.2
_h78796
_i1403
_si
949 _a581.5 G73
_bBC
_cLIBRO
_d33724000543054
_eLIBRO
_fc.8
_h78802
_i1403
_si
949 _a581.5 G73
_bBC
_cLIBRO
_d33724000543062
_eLIBRO
_fc.7
_h78801
_i1403
_si
949 _a581.5 G73
_bBC
_cLIBRO
_d33724000543070
_eLIBRO
_fc.6
_h78800
_i1403
_si
949 _a581.5 G73
_bBC
_cLIBRO
_d33724000543088
_eLIBRO
_fc.5
_h78799
_i1403
_si
949 _a581.5 G73
_bBC
_cLIBRO
_d33724000786695
_eLIBRO
_fc.11
_h78917
_i1403
_si
949 _a581.5 G73
_bBC
_cUACH
_d33724000543021
_eUACH
_fc.10
_ge
_h78804
_i1403
_si
999 _c1240
_d1240